<?xml version="1.0" encoding="UTF-8"?>
<record
    xmlns:xsi="http://www.w3.org/2001/XMLSchema-instance"
    xsi:schemaLocation="http://www.loc.gov/MARC21/slim http://www.loc.gov/standards/marcxml/schema/MARC21slim.xsd"
    xmlns="http://www.loc.gov/MARC21/slim">

  <leader>02738nam a22004214a 4500</leader>
  <controlfield tag="001">ebr10300273</controlfield>
  <controlfield tag="003">CaPaEBR</controlfield>
  <controlfield tag="006">m        u        </controlfield>
  <controlfield tag="007">cr cn|||||||||</controlfield>
  <controlfield tag="008">061031s2006    dcua    sb    000 0 eng d</controlfield>
  <datafield tag="010" ind1=" " ind2=" ">
    <subfield code="z">  2006281546</subfield>
  </datafield>
  <datafield tag="020" ind1=" " ind2=" ">
    <subfield code="z">158906514X</subfield>
  </datafield>
  <datafield tag="020" ind1=" " ind2=" ">
    <subfield code="z">9781589065147</subfield>
  </datafield>
  <datafield tag="040" ind1=" " ind2=" ">
    <subfield code="a">CaPaEBR</subfield>
    <subfield code="c">CaPaEBR</subfield>
  </datafield>
  <datafield tag="035" ind1=" " ind2=" ">
    <subfield code="a">(OCoLC)651835308</subfield>
  </datafield>
  <datafield tag="043" ind1=" " ind2=" ">
    <subfield code="a">cc-----</subfield>
  </datafield>
  <datafield tag="050" ind1="1" ind2="4">
    <subfield code="a">HC151</subfield>
    <subfield code="b">.C257 2006eb</subfield>
  </datafield>
  <datafield tag="245" ind1="0" ind2="4">
    <subfield code="a">The Caribbean</subfield>
    <subfield code="h">[electronic resource] :</subfield>
    <subfield code="b">from vulnerability to sustained growth /</subfield>
    <subfield code="c">edited by Ratna Sahay, David O. Robinson, and Paul Cashin.</subfield>
  </datafield>
  <datafield tag="260" ind1=" " ind2=" ">
    <subfield code="a">Washington, D.C. :</subfield>
    <subfield code="b">International Monetary Fund,</subfield>
    <subfield code="c">c2006.</subfield>
  </datafield>
  <datafield tag="300" ind1=" " ind2=" ">
    <subfield code="a">xi, 348 p. :</subfield>
    <subfield code="b">ill.</subfield>
  </datafield>
  <datafield tag="504" ind1=" " ind2=" ">
    <subfield code="a">Includes bibliographical references.</subfield>
  </datafield>
  <datafield tag="505" ind1="0" ind2="0">
    <subfield code="g">Overview /</subfield>
    <subfield code="r">Ratna Sahay, David O. Robinson, and Paul Cashin --</subfield>
    <subfield code="t">Stabilization, debt, and fiscal policy in the Caribbean /</subfield>
    <subfield code="r">Ratna Sahay --</subfield>
    <subfield code="t">Fiscal policy: is the Eastern Caribbean Currency Union a free-riding paradise? /</subfield>
    <subfield code="r">Rupa Duttagupta and Guillermo Tolosa --</subfield>
    <subfield code="t">Key features of Caribbean business cycles /</subfield>
    <subfield code="r">Paul Cashin --</subfield>
    <subfield code="t">Islands of stability? Determinants of macroeconomic volatility in the Eastern Caribbean Currency Union /</subfield>
    <subfield code="r">Tobias Rasmussen and Guillermo Tolosa --</subfield>
    <subfield code="t">Eastern Caribbean Currency Union banking system in a time of fiscal challenge /</subfield>
    <subfield code="r">Jingqing Chai --</subfield>
    <subfield code="t">Natural disasters and their macroeconomic implications /</subfield>
    <subfield code="r">Tobias Rasmussen --</subfield>
    <subfield code="t">Government responses to natural disasters in the Caribbean /</subfield>
    <subfield code="r">Paul Cashin and Pawel Dyczewski --</subfield>
    <subfield code="t">Emigration and brain drain from the Caribbean /</subfield>
    <subfield code="r">Prachi Mishra --</subfield>
    <subfield code="t">Tax concessions and foreign direct investment in the Eastern Caribbean Currency Union /</subfield>
    <subfield code="r">Jingqing Chai and Rishi Goyal --</subfield>
    <subfield code="t">Eastern Caribbean tourism: developments and outlook /</subfield>
    <subfield code="r">Ruby Randall --</subfield>
    <subfield code="t">Integration and growth in the Eastern Caribbean /</subfield>
    <subfield code="r">Montfort Mlachila, Wendell Samuel, and Patrick Njoroge.</subfield>
  </datafield>
  <datafield tag="533" ind1=" " ind2=" ">
    <subfield code="a">Electronic reproduction.</subfield>
    <subfield code="b">Palo Alto, Calif. :</subfield>
    <subfield code="c">ebrary,</subfield>
    <subfield code="d">2013.</subfield>
    <subfield code="n">Available via World Wide Web.</subfield>
    <subfield code="n">Access may be limited to ebrary affiliated libraries.</subfield>
  </datafield>
  <datafield tag="610" ind1="2" ind2="0">
    <subfield code="a">Eastern Caribbean Currency Union.</subfield>
  </datafield>
  <datafield tag="650" ind1=" " ind2="0">
    <subfield code="a">Fiscal policy</subfield>
    <subfield code="z">Caribbean Area.</subfield>
  </datafield>
  <datafield tag="650" ind1=" " ind2="0">
    <subfield code="a">Business cycles</subfield>
    <subfield code="z">Caribbean Area.</subfield>
  </datafield>
  <datafield tag="650" ind1=" " ind2="0">
    <subfield code="a">Natural disasters</subfield>
    <subfield code="x">Economic aspects</subfield>
    <subfield code="z">Caribbean Area.</subfield>
  </datafield>
  <datafield tag="650" ind1=" " ind2="0">
    <subfield code="a">Tourism</subfield>
    <subfield code="z">Caribbean Area.</subfield>
  </datafield>
  <datafield tag="650" ind1=" " ind2="0">
    <subfield code="a">Brain drain</subfield>
    <subfield code="z">Caribbean Area.</subfield>
  </datafield>
  <datafield tag="651" ind1=" " ind2="0">
    <subfield code="a">Caribbean Area</subfield>
    <subfield code="x">Economic conditions.</subfield>
  </datafield>
  <datafield tag="655" ind1=" " ind2="7">
    <subfield code="a">Electronic books.</subfield>
    <subfield code="2">local</subfield>
  </datafield>
  <datafield tag="700" ind1="1" ind2=" ">
    <subfield code="a">Sahay, Ratna.</subfield>
  </datafield>
  <datafield tag="700" ind1="1" ind2=" ">
    <subfield code="a">Robinson, David O.</subfield>
  </datafield>
  <datafield tag="700" ind1="1" ind2=" ">
    <subfield code="a">Cashin, Paul.</subfield>
  </datafield>
  <datafield tag="710" ind1="2" ind2=" ">
    <subfield code="a">International Monetary Fund.</subfield>
  </datafield>
  <datafield tag="710" ind1="2" ind2=" ">
    <subfield code="a">ebrary, Inc.</subfield>
  </datafield>
  <datafield tag="856" ind1="4" ind2="0">
    <subfield code="u">http://site.ebrary.com/lib/rucke/Doc?id=10300273</subfield>
    <subfield code="z">An electronic book accessible through the World Wide Web; click to view</subfield>
  </datafield>
  <datafield tag="999" ind1=" " ind2=" ">
    <subfield code="c">65798</subfield>
    <subfield code="d">65798</subfield>
  </datafield>
</record>
